| 000 | 00460cam a2200181ua 4500 | ||
|---|---|---|---|
| 001 | 4259 | ||
| 008 | 111221n ii |||gr||||Z||||||asm | ||
| 040 | _cMAIN | ||
| 082 | _a891.4513 | ||
| 100 | 1 | _aBezbaroa, Lakshminath, | |
| 245 | 1 | 1 |
_aKripabar Boruar uvatani _cby Lakshminath Bezbaroa |
| 250 | _a1st. | ||
| 260 |
_aGuwahati: _bSahitya Prakash. |
||
| 300 | _a146p:5cm. | ||
| 653 | _aAssamese short stories | ||
| 653 | _aKripabar Boruar uvatani | ||
| 942 | _cBK | ||
| 999 |
_c4080 _d4080 |
||